French soccer team world cup 2026 - Images - Statistics

General Stats
  • This quiz has been taken 15 times
  • The average score is 20 of 26
Answer Stats
Picture Answer % Correct
Désiré Doué
100%
Kylian Mbappé
100%
Michael Olise
100%
Rayan Cherki
100%
Dayot Upamecano
92%
Jules Koundé
92%
Lucas Hernandez
92%
Ousmane Dembélé
92%
Théo Hernandez
92%
Adrien Rabiot
83%
Aurélien Tchouaméni
83%
Ibrahima Konaté
83%
N'Golo Kanté
83%
William Saliba
83%
Bradley Barcola
75%
Brice Samba
75%
Malo Gusto
75%
Marcus Thuram
75%
Mike Maignan
75%
Warren Zaïre-Emery
75%
Lucas Digne
67%
Maxence Lacroix
58%
Jean-Philippe Mateta
50%
Manu Koné
42%
Robin Risser
33%
Maghnes Akiouche
8%
No matching quizzes found
Score Distribution
Percent of People with Each Score
Percentile by Number Answered
Your Score History
You have not taken this quiz